| 000 | 00913cam a22003015a 4500 | ||
|---|---|---|---|
| 001 | 017009695 | ||
| 003 | OSt | ||
| 005 | 20201128023736.0 | ||
| 008 | 150112s2015 enka frbd 001 0 eng d | ||
| 020 | _a9781292003047 (pbk.) | ||
| 040 |
_aStDuBDS _beng _cStDuBDS _dUk _dEG-ScBUE |
||
| 082 | 0 | 4 |
_a364.3 _222 _bHOW |
| 100 | 1 |
_aHowitt, Dennis. _9714 |
|
| 245 | 1 | 0 |
_aIntroduction to forensic and criminal psychology / _cDennis Howitt. |
| 250 | _a5th ed. | ||
| 260 |
_aHarlow : _bPearson Education Limited, _c2015. |
||
| 300 |
_axxx, 634 p. : _bill. ; _c27 cm. |
||
| 500 | _aPrevious edition: 2011. | ||
| 500 | _aGlossary : p. 545-558. | ||
| 500 | _aIncludes indexes. | ||
| 504 | _aBibliography : p. 559-613. | ||
| 530 | _aAlso issued online. | ||
| 650 | 7 |
_aCriminal psychology. _2BUEsh _939966 |
|
| 650 | 7 |
_aForensic psychology. _2BUEsh _939967 |
|
| 651 | _2BUEsh | ||
| 653 |
_bENGGEN _cMay2016 |
||
| 942 | _2ddc | ||
| 999 |
_c21734 _d21706 |
||